| 000 | 01501 a2200229 4500 | ||
|---|---|---|---|
| 003 | Nust | ||
| 005 | 20170207154056.0 | ||
| 010 | _a 2009017157 | ||
| 020 | _a978-0-470-53212-6 | ||
| 035 | _a(OCoLC)318408198 | ||
| 035 | _a(OCoLC)ocn318408198 | ||
| 040 | _cNust | ||
| 082 | 0 | 0 | _a332 |
| 100 | 1 | _aKaufman, Henry | |
| 245 | 1 | 4 |
_aThe road to financial reformation : _bwarnings, consequences, reforms / (E-BOOK) _cHenry Kaufman |
| 260 |
_aHoboken, N.J. : _bJohn Wiley & Sons, _ccop. 2009 |
||
| 300 |
_axxiii, 260 p. : _bill. ; _c24 cm. |
||
| 505 | 0 | _aPast blunders and future choices -- Reflections on business, the lessons of history, and globalization -- If Adam Smith were alive today -- Troubling trends in financial markets and official policies -- Debt : the threat to economic and financial stability -- The decapitalization of American corporations -- Shortcomings in financial oversight -- From financial segmentation to concentration -- Financial concentration in economic thought -- Do we still need Glass-Steagall? -- Banking and commerce should not merge -- Postwar financial crises, 1966-2001 -- The great financial crisis of 2007-2009 -- Public policy and the markets -- The perils of monetary gradualism -- The Fed and the governance of financial institutions -- Transparency and the Fed -- Prospects for interest rates -- The financial consequences of the credit crisis. | |
| 650 | 0 |
_aFinance _xGovernment policy. |
|
| 650 | 0 |
_aInternational finance _xGovernment policy. |
|
| 651 | _aE-BOOK | ||
| 942 |
_2ddc _cBK |
||
| 999 |
_c193325 _d193325 |
||